000 01167nam a22003377a 4500
003 CHAP
005 20220329141051.0
008 971013s1994 r 00010 d
010 _a62121
011 _a63093
035 _a67269
040 _cCHAP
082 _a636.2
_bM2Y
100 0 0 _aMcClure, T. J.
_973401
245 _aInfertilidad nutricional y metabólica de la vaca
260 _aZaragoza, Esp. :
_bCAB Internacional,
_c1994
300 _a141 p.
_b: ilus.
590 _aBATCH-UPD
_b10
_c20130110
_lUCH01
_h0621
590 _aBATCH-UPD
_b10
_c20130110
_lUCH01
_h2306
590 _aBATCH-UPD
_b10
_c20130410
_lUCH01
_h0304
590 _aBATCH-UPD
_b10
_c20130914
_lUCH01
_h1524
590 _aCONVERSION
_b10
_c20130109
_lUCH01
_h1333
650 1 4 _aGanado vacuno
_xFecundidad.
_945466
650 1 4 _aGanado vacuno
_xNutrición.
_945498
650 1 4 _aGanado vacuno
_xReproducción.
_945510
650 1 4 _aMetabolismo en rumiantes.
_975155
901 _aBK
942 _cLIBRO
949 _a636.2 M2Y
_bBC
_cLIBRO
_d33724000630505
_eLIBRO
_fc.2
_gI.186432
_h91660
_i67269
_si
_t186.00
949 _a636.2 M2Y
_bBC
_cLIBRO
_d33724000630588
_eLIBRO
_gI.185439
_h91659
_i67269
_si
_t186.00
999 _c62121
_d62121